| 000 | 01303nam a2200337 a 4500 | ||
|---|---|---|---|
| 001 | 70126 | ||
| 003 | BD-RjUL | ||
| 005 | 20211209081951.0 | ||
| 008 | 170416s1996 nyua b 001 0 eng | ||
| 020 | _a0471511846 | ||
| 020 | _a0471511854 | ||
| 035 | _a(BD-RjUL)70338 | ||
| 040 |
_aDLC _cDLC _dDLC _dBD-RjUL _beng |
||
| 041 | _aeng | ||
| 082 | 0 | 0 |
_a546.22 _223 _bSTA 1996 |
| 100 | 1 |
_aStumm, Werner, _d1924- _9207685 |
|
| 245 | 1 | 0 |
_aAquatic chemistry : _bchemical equilibria and rates in natural waters / _cWerner Stumm and James J. Morgan. |
| 250 | _a3rd ed. | ||
| 260 |
_aNew York : _bWiley, _cc1996. |
||
| 300 |
_axvi, 1022 p. : _bill. ; _c25 cm. |
||
| 500 | _a"A Wiley-Interscience publication." | ||
| 504 | _aIncludes bibliographical references (p. 935-975) and index. | ||
| 650 | 0 |
_aWater chemistry. _9207686 |
|
| 700 | 1 |
_aMorgan, James J., _d1932- _9207687 |
|
| 830 |
_aEnvironmental science and technology _9203038 |
||
| 856 | 4 | 2 |
_3Contributor biographical information _uhttp://www.loc.gov/catdir/bios/wiley042/94048319.html |
| 856 | 4 | 2 |
_3Publisher description _uhttp://www.loc.gov/catdir/description/wiley034/94048319.html |
| 856 | 4 |
_3Table of Contents _uhttp://www.loc.gov/catdir/toc/onix05/94048319.html |
|
| 942 |
_2ddc _cBK |
||
| 999 |
_c70126 _d70126 |
||